Statystyki dla Miasta w Uzbekistanie

Kliknij tutaj aby rozwiązać quiz!

Ogólne statystyki

  • Ten quiz został rozwiązany 7 razy
  • Średni wynik to 4 z 10

Statystyki odpowiedzi

PopulacjaMiasto% Poprawnych
1 959 190Taszkent
100%
312 863Samarkanda
86%
249 037Buchara
71%
161 552Fergana
71%
240 734Nukus
57%
231 022Karszy
29%
321 622Andiżan
14%
446 237Namangan
14%
168 396Chirchiq
0%
187 021Kokand
0%

Rozkład punktacji

Percentyl według liczby udzielonych odpowiedzi

Procent ludzi z każdym wynikiem

Twoja historia wyników

Nie rozwiązałeś tego quizu